Welcome to the Holygrace Academy Library

Please use search bar below to get started

HARDY BOYS ADVENTURES - INTO THIN AIR (Record no. 7818)

MARC details
000 -LEADER
fixed length control field 00665nam a22001457a 4500
020 ## - INTERNATIONAL STANDARD BOOK NUMBER
ISBN 978-1-4424-5983-0
082 ## - DEWEY DECIMAL CLASSIFICATION NUMBER
Classification number 823
Item number DIX/H
100 ## - MAIN ENTRY--AUTHOR NAME
Personal name DIXON, FRANKLIN W
245 ## - TITLE STATEMENT
Title HARDY BOYS ADVENTURES - INTO THIN AIR
260 ## - PUBLICATION, DISTRIBUTION, ETC. (IMPRINT)
Place of publication NEW YORK
Name of publisher ALADDIN PAPERBACKS
Year of publication 2013
300 ## - PHYSICAL DESCRIPTION
Number of Pages 109
520 ## - SUMMARY, ETC.
Summary, etc When the daughter of an amusement-park owner goes missing, it's anything but fun and games in this Hardy Boys adventure—a new take on the classic series. Daisy Rodriguez is missing. Just like that, gone without a trace. Her father, Hector Rodriguez—owner of Funspot, Bayport's local amusement park—is frantic.<br/>
650 ## - SUBJECT ADDED ENTRY--TOPICAL TERM
Topical Term MYSTERY
Geographic subdivision UNITED STATES
942 ## - ADDED ENTRY ELEMENTS (KOHA)
Koha item type Books
Holdings
Withdrawn status Lost status Collection code Home library Current library Shelving location Date acquired Source of acquisition Cost, normal purchase price Full call number Accession Number Koha item type
    Fiction Main Library Main Library NEW SHELF WITH NEW ENTRY 20/11/2023 purchase 250.00 823 DIX/H 13405 Books